[Event "Challenge"]
[Site "http://www.queenalice.com/game.php?id=1174248"]
[Date "2013.4.22"]
[Round "-"]
[White "ki2013"]
[Black "Maraz"]
[Result "1-0"]
[WhiteElo "1570"]
[BlackElo "1453"]

1. e4 d5 2. exd5 Qxd5 3. Nc3 Qe5+ 4. Qe2 Qxe2+ 5. Bxe2 h5 6. Nb5 Na6 7. d4 Bg4
8. Bxg4 hxg4 9. Bf4 Nf6 10. c3 Nd5 11. g3 c6 12. Na3 g6 13. O-O-O Bh6 14. Bxh6
Rxh6 15. Ne2 Rd8 16. Nc2 b5 17. a3 c5 18. b4 cxb4 19. Nxb4 Naxb4 20. axb4 Rc8
21. Kb2 g5 22. Rc1 Re6 23. Rhe1 f5 24. Kb3 a5 25. bxa5 Ra6 26. c4 bxc4+ 27. Rxc4
Rb8+ 28. Ka4 Nb6+ 29. Kb5 Nxc4+ 30. Kxa6 Ra8+ 31. Kb5 Na3+ 32. Kb6 Rb8+ 33. Ka6
Rb2 34. Nc3 Rxf2 35. Re6 Rxh2 36. Ka7 Rb2 37. Rb6 Rg2 38. Kb7 Rxg3 39. a6 Nb5
40. Nxb5 Rb3 41. a7 g3 42. a8=Q+ Kf7 43. Nd6+ Kg6 44. Rxb3 g2 45. Rg3 exd6 46.
Qg8+ Kf6 47. Qxg5+ Ke6 48. Rxg2 Kd5 49. Qxf5+ Kc4 50. Kb6 d5 51. Kc6 Kxd4 52.
Qxd5+ Kc3 53. Qf3+ Kd4 54. Qg4+ Ke5 55. Qd7 Kf4 56. Rg8 Ke5 57. Re8+ Kf6 58.
Qe7+ Kg6 59. Qe5 Kf7 60. Qe6+ Kg7 61. Rg8+ Kh7 62. Qg6# 1-0

[Event "OS INCLIVEIS"]
[Site "http://www.queenalice.com/game.php?id=1174341"]
[Date "2013.4.23"]
[Round "-"]
[White "adelio"]
[Black "Maraz"]
[Result "1-0"]
[WhiteElo "1725"]
[BlackElo "1434"]

1. d4 d5 2. e4 Nf6 3. e5 Ne4 4. f3 Ng5 5. Bxg5 f6 6. Bc1 fxe5 7. dxe5 Nc6 8. Bf4
d4 9. a3 e6 10. h4 Ne7 11. g4 h5 12. Bg5 hxg4 13. fxg4 g6 14. h5 gxh5 15. gxh5
Bh6 16. Bxh6 Rxh6 17. Bd3 Nd5 18. Bg6+ Kd7 19. Qxd4 Qf8 20. Nd2 Ke7 21. Qc5+ Kd7
22. Qxf8 Rxg6 23. hxg6 Ne7 24. Rh7 Kc6 25. Qxe7 b5 26. Qxc7+ Kd5 27. Qd6# 1-0

[Event "Challenge"]
[Site "http://www.queenalice.com/game.php?id=1177930"]
[Date "2013.5.3"]
[Round "-"]
[White "vivoferreira"]
[Black "Maraz"]
[Result "1-0"]
[WhiteElo "1596"]
[BlackElo "1469"]

1. e4 Nf6 2. Nc3 d5 3. exd5 Nxd5 4. Nxd5 Qxd5 5. d4 c5 6. Nf3 Nc6 7. dxc5 Qxc5
8. Bd3 e5 9. Be3 Qa5+ 10. Bd2 Qc5 11. O-O Nd4 12. Nxe5 Qxe5 13. Re1 f6 14. Rxe5+
fxe5 15. Qh5+ Kd8 16. Qxe5 Nxc2 17. Bxc2 Be7 18. Bg5 Bxg5 19. Qxg5+ Kc7 20.
Qxg7+ Bd7 21. Bf5 Rhg8 22. Qxd7+ Kb6 23. Qd6+ Ka5 24. b4+ Ka4 25. a3 b6 26. Be6
Rgd8 27. Qc6+ b5 28. Qa6# 1-0

[Event "Challenge"]
[Site "http://www.queenalice.com/game.php?id=1177932"]
[Date "2013.5.3"]
[Round "-"]
[White "Maraz"]
[Black "vivoferreira"]
[Result "0-1"]
[WhiteElo "1419"]
[BlackElo "1573"]

1. d4 e6 2. Nf3 d5 3. Ne5 Bd6 4. Ng4 c5 5. c3 Nc6 6. Ne5 Bxe5 7. dxe5 Nxe5 8. h3
h6 9. e4 dxe4 10. Bb5+ Bd7 11. a4 a6 12. Bxd7+ Qxd7 13. Bf4 Nd3+ 14. Kf1 Nxf4
15. Nd2 Nf6 16. g3 Nd3 17. Nc4 Qc7 18. a5 Rd8 19. Qe2 O-O 20. Rd1 Qc6 21. Ne3
Qb5 22. c4 Qxa5 23. Ng4 Nxg4 24. Qxg4 Nxb2 25. Rxd8 Rxd8 26. Qxe4 Qd2 27. Kg2
Nd1 28. h4 Nxf2 29. Qe1 Nxh1+ 30. Kf1 Qd3+ 31. Kg2 Nxg3 32. Qf2 Qd2 33. Qxd2
Rxd2+ 34. Kxg3 a5 35. h5 a4 36. Kf3 a3 37. Ke3 Rd4 38. Ke2 a2 39. Ke1 a1=Q+ 40.
Ke2 Qa2+ 41. Ke3 Qd2+ 42. Kf3 Rf4+ 43. Kg3 Qe3+ 44. Kg2 Rf2+ 45. Kh1 Qe1# 0-1

[Event "Challenge"]
[Site "http://www.queenalice.com/game.php?id=1177948"]
[Date "2013.5.3"]
[Round "-"]
[White "vivoferreira"]
[Black "Maraz"]
[Result "1-0"]
[WhiteElo "1634"]
[BlackElo "1458"]

1. d4 d5 2. Nc3 Nf6 3. g3 b6 4. Bg2 c6 5. e4 dxe4 6. Nxe4 Bf5 7. Nxf6+ exf6 8.
Bf4 Nd7 9. Bxc6 Bb4+ 10. c3 Qc8 11. Bxa8 Qxa8 12. f3 Bg4 13. cxb4 Bf5 14. Ne2
O-O 15. O-O Bh3 16. Rf2 b5 17. Bd6 Re8 18. g4 Re3 19. Nf4 Bxg4 20. fxg4 g5 21.
Ng2 Re4 22. Qf3 Qd5 23. Bc5 Qe6 24. Rff1 Re3 25. Nxe3 Qa6 26. Nd5 Qa4 27. Nxf6+
Nxf6 28. Qxf6 Qc2 29. Qxf7+ Kh8 30. Qf8# 1-0

[Event "Challenge"]
[Site "http://www.queenalice.com/game.php?id=1180359"]
[Date "2013.5.11"]
[Round "-"]
[White "Maraz"]
[Black "vivoferreira"]
[Result "0-1"]
[WhiteElo "1449"]
[BlackElo "1643"]

1. d4 d5 2. Nc3 e6 3. e4 Bb4 4. Bd2 Bxc3 5. Bxc3 c6 6. exd5 cxd5 7. Bb5+ Bd7 8.
Bxd7+ Qxd7 9. a4 Nc6 10. Nf3 Nf6 11. Ne5 Qc7 12. Qd2 Nxe5 13. Qe2 Nc4 14. b3 Na5
15. Qb5+ Nc6 16. Ba5 b6 17. Bb4 a6 18. Qd3 Nxb4 19. Qd1 Nxc2+ 20. Ke2 Nxa1 21.
Qxa1 Qc2+ 22. Ke1 Rc8 23. Rf1 Ne4 24. Qd1 Qb2 25. f3 Rc1 26. Qxc1 Qxc1+ 27. Ke2
Qd2# 0-1

[Event "Challenge"]
[Site "http://www.queenalice.com/game.php?id=1186539"]
[Date "2013.5.31"]
[Round "-"]
[White "Caroline93"]
[Black "Maraz"]
[Result "0-1"]
[WhiteElo "1300"]
[BlackElo "1451"]

1. e4 d5 2. exd5 Qxd5 3. Nc3 Qe6+ 4. Be2 Nc6 5. Nf3 h6 6. O-O Bd7 7. b3 Nb4 8.
Re1 Qg6 9. Ne5 Qf5 10. Bg4 Qxc2 11. Ba3 Qxd1 12. Rexd1 Nc2 0-1

[Event "Challenge"]
[Site "http://www.queenalice.com/game.php?id=1186990"]
[Date "2013.6.2"]
[Round "-"]
[White "vivoferreira"]
[Black "Maraz"]
[Result "1-0"]
[WhiteElo "1657"]
[BlackElo "1459"]

1. e4 e5 2. Nf3 d6 3. h3 g5 4. d4 g4 5. Nh2 gxh3 6. gxh3 Bh6 7. d5 Bf4 8. Bxf4
exf4 9. Bg2 Qh4 10. Nc3 Nf6 11. Qe2 Na6 12. a3 Nc5 13. Nf3 Qh5 14. O-O-O O-O 15.
Rhg1 Re8 16. Nd4 Qg6 17. Bf3 Qxg1 18. Rxg1+ Kh8 19. Qd2 Bxh3 20. Qxf4 Rg8 21.
Qxf6+ Rg7 22. Qxg7# 1-0

[Event "Challenge"]
[Site "http://www.queenalice.com/game.php?id=1186991"]
[Date "2013.6.2"]
[Round "-"]
[White "Maraz"]
[Black "vivoferreira"]
[Result "0-1"]
[WhiteElo "1461"]
[BlackElo "1580"]

1. h4 e5 2. h5 Nc6 3. Nf3 Nf6 4. d3 d5 5. Bg5 Be7 6. h6 g6 7. c3 Ng8 8. d4 Bxg5
9. dxe5 Bxh6 10. Qa4 Bg7 11. Ng5 h6 12. Nd2 hxg5 13. Rxh8 Bxh8 14. Nf3 Bd7 15.
Nd4 Nxe5 16. Qb3 b6 17. O-O-O Qf6 18. f3 Nc4 19. e4 Ne3 20. e5 Qxe5 21. Re1 c5
22. Nb5 Kd8 23. Kd2 Nc4+ 24. Bxc4 Qf4+ 25. Kd1 dxc4 26. Qc2 Bxb5 27. Qe4 Qxe4
28. Rxe4 Nf6 29. Re5 Bc6 30. Rxg5 Kc7 31. b4 cxb4 32. cxb4 Rd8+ 33. Kc2 b5 34.
Re5 Nd5 35. Re1 Nxb4+ 36. Kb1 Nd3 37. Re7+ Rd7 38. Rxd7+ Kxd7 39. Kc2 Ne1+ 40.
Kd2 Nxg2 41. Ke2 c3 42. Kd1 Bxf3+ 43. Kc2 g5 44. a4 bxa4 45. Kd3 a3 46. Kc4 a2
47. Kb5 a1=Q 48. Kc5 c2 49. Kc4 c1=Q+ 50. Kb3 Qcc3# 0-1

[Event "Challenge"]
[Site "http://www.queenalice.com/game.php?id=1200149"]
[Date "2013.7.15"]
[Round "-"]
[White "vivoferreira"]
[Black "Maraz"]
[Result "1-0"]
[WhiteElo "1646"]
[BlackElo "1460"]

1. c4 a5 2. Nc3 h5 3. g3 g6 4. Bg2 Nf6 5. d4 d5 6. cxd5 Nxd5 7. Nxd5 e6 8. Nc3
Bb4 9. Bd2 Nc6 10. Nb1 Nxd4 11. e3 Nb5 12. Ne2 e5 13. a3 Bc5 14. Nbc3 c6 15. O-O
h4 16. Rc1 h3 17. Bh1 Qg5 18. Nxb5 cxb5 19. Rxc5 Rh4 20. f4 Qg4 21. Rxe5+ Be6
22. Bf3 O-O-O 23. Bxg4 Rxg4 24. Nd4 Bc4 25. Qxg4+ f5 26. Qxg6 Bxf1 27. Qxf5+ Rd7
28. Kxf1 Kc7 29. Bxa5+ b6 30. Nxb5+ Kd8 31. Bxb6+ Kc8 32. Rc5+ Kb7 33. Qxd7+
Kxb6 34. Qa7# 1-0

[Event "Challenge"]
[Site "http://www.queenalice.com/game.php?id=1203029"]
[Date "2013.7.27"]
[Round "-"]
[White "vangogh"]
[Black "Maraz"]
[Result "0-1"]
[WhiteElo "1447"]
[BlackElo "1450"]

1. e4 e5 2. d4 d5 3. Nc3 exd4 4. Qxd4 Nc6 5. Qe3 Ne5 6. exd5 Bd6 7. Bb5+ Bd7 8.
Be2 Nf6 9. f4 Qe7 10. fxe5 Ng4 11. Qg3 Bxe5 12. h3 Bxg3+ 13. Kf1 Bh2 14. Bxg4
Bg3 15. Nge2 Qf6+ 16. Kg1 Qf2# 0-1

[Event "Challenge"]
[Site "http://www.queenalice.com/game.php?id=1204139"]
[Date "2013.7.31"]
[Round "-"]
[White "Maraz"]
[Black "vivoferreira"]
[Result "0-1"]
[WhiteElo "1429"]
[BlackElo "1457"]

1. Nf3 c5 2. e4 e6 3. Ne5 d6 4. Nc4 Nc6 5. a3 g6 6. b3 Bg7 7. Ra2 Nge7 8. d3 d5
9. exd5 exd5 10. Ne3 Be6 11. d4 Nxd4 12. Bb2 O-O 13. g4 Qd7 14. a4 c4 15. bxc4
Rac8 16. Bxd4 dxc4 17. Bxg7 Qxd1+ 18. Nxd1 Kxg7 19. Rb2 b6 20. a5 bxa5 21. Rb7
Bd5 22. Rxe7 Rce8 23. Rxe8 Rxe8+ 24. Ne3 Bxh1 25. Bxc4 Rc8 26. Nd2 Bc6 27. Bd5
Bxd5 28. Nxd5 Rxc2 29. Ne3 Rc8 30. Ndc4 a4 31. Nd6 Rc6 32. Nb5 a6 33. Nd4 Rc1+
34. Kd2 Rb1 35. Ndc2 Rh1 36. Nd5 Rxh2 37. Ke3 Rh3+ 38. f3 Rh2 39. Ndb4 a5 40.
Nd3 h5 41. Na3 hxg4 42. fxg4 Rh3+ 43. Kd4 Kf6 44. Nc4 Kg5 45. Nxa5 a3 46. Nf2 a2
47. Nxh3+ Kxg4 48. Nf2+ Kf3 49. Nd3 a1=Q+ 50. Kc5 Qxa5+ 51. Kc4 Qa6+ 52. Kd4
Qxd3+ 53. Kxd3 f5 54. Kd2 g5 55. Ke1 g4 56. Kf1 f4 57. Kg1 g3 58. Kh1 g2+ 59.
Kg1 Ke2 60. Kh2 Kf2 61. Kh3 g1=Q 62. Kh4 Qg6 63. Kh3 Qg3# 0-1

[Event "Challenge"]
[Site "http://www.queenalice.com/game.php?id=1206501"]
[Date "2013.8.9"]
[Round "-"]
[White "Maraz"]
[Black "vangogh"]
[Result "0-1"]
[WhiteElo "1479"]
[BlackElo "1398"]

1. e4 e5 2. Qf3 Qf6 3. Nc3 c6 4. Nh3 Nh6 5. g4 d6 6. g5 Qxf3 7. Rg1 Ng4 8. Rg2
Qxh3 9. Rg3 Qxh2 10. Rxg4 Bxg4 11. d3 c5 12. Be3 Be7 13. Nd5 Bd8 14. a4 Ba5+ 15.
c3 O-O 16. Ra3 Qg1 17. Ne7+ Kh8 18. Rb3 b6 19. g6 Bh3 20. Ke2 Qxf1+ 21. Kd2 fxg6
22. d4 c4 23. Kc2 cxb3+ 24. Kxb3 Qd1+ 25. Kc4 Be6+ 26. d5 Bd7 27. b4 Bxb4 28.
Kxb4 Na6+ 29. Kc4 Qxa4+ 30. Kd3 Rfe8 31. Bg5 h6 32. Nxg6+ Kh7 33. Nh4 hxg5 34.
Nf3 g4 35. Ng5+ Kg8 36. f3 Bb5+ 37. Kd2 Rac8 38. Ne6 Qa2+ 39. Kd1 Qe2+ 40. Kc1
Rxc3+ 41. Kb1 Bd3+ 42. Ka1 Rc1# 0-1

[Event "Challenge"]
[Site "http://www.queenalice.com/game.php?id=1206502"]
[Date "2013.8.9"]
[Round "-"]
[White "vangogh"]
[Black "Maraz"]
[Result "0-1"]
[WhiteElo "1391"]
[BlackElo "1466"]

1. e4 e5 2. d4 d5 3. Nc3 c6 4. dxe5 Bb4 5. Qd4 dxe4 6. Qxb4 Bg4 7. Qxb7 Nd7 8.
Qxc6 Rc8 9. Qxe4 Rxc3 10. bxc3 f5 11. Qd5 Ndf6 12. Qb5+ Nd7 13. e6 Qe7 14. Bc4
Kf8 15. Qb7 Nc5 16. Qc8+ Qe8 17. Qxc5+ Qe7 18. Qa5 Qd6 19. Qxa7 Qd1# 0-1

[Event "Challenge"]
[Site "http://www.queenalice.com/game.php?id=1216777"]
[Date "2013.9.13"]
[Round "-"]
[White "vivoferreira"]
[Black "Maraz"]
[Result "0-1"]
[WhiteElo "1250"]
[BlackElo "1374"]

1. d4 d5 2. Nc3 b5 3. a3 Nc6 4. g3 Bb7 5. Bg2 g6 6. Bxd5 Nf6 7. Bg2 Na5 8. Bxb7
Nxb7 9. Nxb5 e6 10. Bf4 Nd5 11. Be5 f6 12. Bf4 Bd6 13. Nxd6+ cxd6 14. Qd2 Na5
15. Bxd6 Nc4 16. Qc1 Nxd6 17. Nf3 Ne4 18. Nd2 Qa5 19. f3 Ng5 20. O-O Ne3 21. Re1
Nh3+ 22. Kh1 Qh5 23. g4 Nf2+ 24. Kg1 Qh3 25. Kxf2 Ng2 26. Rg1 Nf4 27. Ne4 Qxh2+
28. Ke3 Nxe2 29. Qd2 Qf4+ 30. Kxe2 g5 31. Qxf4 gxf4 32. Nxf6+ Kf7 33. Nd7 Rhd8
34. Ne5+ Kf6 35. g5+ Kg7 36. Rad1 Rab8 37. b3 a5 38. Rg4 a4 39. b4 h5 40. Rxf4
Rbc8 41. Rf7+ Kg8 42. g6 Rxc2+ 43. Rd2 Rc3 44. Rd7 Rf8 45. Rd3 Rc2+ 46. Ke3 h4
47. Rh7 h3 48. Rxh3 Kg7 49. Rh7+ Kf6 50. Rf7+ Kg5 51. g7 Rg8 52. f4+ Kh4 53.
Ng6+ Kg3 54. Ke4+ Kf2 55. f5 Re2+ 56. Kf4 exf5 57. Kxf5 Re3 58. Kg5+ Ke2 59.
Rxe3+ Kxe3 60. d5 Kd3 61. Ne7 Re8 62. Rf8 Rxf8 63. gxf8=Q Kc3 64. b5 Kb3 65. Nc6
Kc4 66. d6 Kxb5 67. d7 Kxc6 68. d8=Q Kb5 69. Qb4+ Kc6 70. Qxa4+ Kc5 0-1

[Event "Challenge"]
[Site "http://www.queenalice.com/game.php?id=1233097"]
[Date "2013.11.17"]
[Round "-"]
[White "vangogh"]
[Black "Maraz"]
[Result "1-0"]
[WhiteElo "1456"]
[BlackElo "1414"]

1. e4 d5 2. Nc3 dxe4 3. Nxe4 Nf6 4. d3 Nxe4 5. dxe4 Qxd1+ 6. Kxd1 e5 7. Nf3 Bg4
8. Be2 Bd6 9. Bc4 Nc6 10. Be3 a6 11. h3 Bxf3+ 12. gxf3 b5 13. Bd5 Kd7 14. Rc1
Rab8 15. c4 Nb4 16. a3 Nd3 17. Rg1 Nxc1 18. Bxc1 bxc4 19. Bxc4 g5 20. Rxg5 Bc5
21. Rxe5 Bxf2 22. Bxa6 Rb6 23. Bc4 Re8 24. Rh5 Rd6+ 25. Ke2 Bg3 26. Rxh7 Kc6 27.
Rxf7 Rd4 28. b3 Bd6 29. a4 Rh8 30. a5 Rxh3 31. Be3 Rh2+ 32. Bf2 Be5 33. Ke3 Rh1
34. a6 Kb6 35. Rf8 Rhd1 36. Rb8+ Ka5 37. a7 Bf4+ 38. Kxf4 Rxc4 39. bxc4 Rd6 40.
a8=Q+ Ra6 41. Qd5+ Ka4 42. Qb5+ Ka3 43. Qxa6# 1-0

[Event "4"]
[Site "http://www.queenalice.com/game.php?id=1245013"]
[Date "2014.1.3"]
[Round "-"]
[White "capablanca2015"]
[Black "Maraz"]
[Result "1-0"]
[WhiteElo "1878"]
[BlackElo "1400"]

1. e4 d5 2. exd5 Qxd5 3. Nc3 Qe6+ 4. Be2 Nc6 5. Nf3 Qg6 6. O-O Bh3 7. Ne1 Nd4 8.
Bd3 f5 9. Nd5 O-O-O 10. Nf4 Qg5 11. Nxh3 Qg6 12. c3 Ne6 13. Bc4 f4 14. Nf3 Nh6
15. Bxe6+ Qxe6 16. Nxf4 Qg4 17. d4 Re8 18. Ne5 Qh4 19. g3 Qg5 20. Ne6 Qf6 21.
Qa4 Qxe6 22. Qxe8# 1-0

[Event "Challenge"]
[Site "http://www.queenalice.com/game.php?id=1245993"]
[Date "2014.1.7"]
[Round "-"]
[White "Maraz"]
[Black "vivoferreira"]
[Result "1-0"]
[WhiteElo "1385"]
[BlackElo "1239"]

1. Nf3 d5 2. e3 e6 3. h4 c5 4. d4 a6 5. dxc5 Bxc5 6. Ne5 Be7 7. Qf3 Nf6 8. g4
Bd6 9. Nd3 b6 10. g5 Ne4 11. Nc3 Nxc3 12. bxc3 Nc6 13. g6 f6 14. Nf4 Qd7 15. Qh5
h6 16. Bh3 f5 17. e4 dxe4 18. Ne2 Bb7 19. Nd4 Nxd4 20. cxd4 e3 21. Bxe3 Bxh1 22.
f3 Qc7 23. Rc1 Qc6 24. d5 Qxd5 25. Kf2 Bc5 26. Rxh1 Bxe3+ 27. Kxe3 Rd8 28. Kf2
1-0